El comportamiento humano en el trabajo: comportamiento organizacional

Збережено в:
Бібліографічні деталі
Автор: Davis, Keith (Автор)
Інші автори: Newstrom, John W. (autor)
Формат: Книга
Мова:Іспанська
Опубліковано: Ciudad de México McGraw-Hill 1988
Редагування:7a. ed
Предмети:
Теги: Додати тег
Немає тегів, Будьте першим, хто поставить тег для цього запису!

MARC

LEADER 00000nam a2200000 a 4500
001 UCR3521
003 CL-VaPUC
008 980124e19880000MX |||||||||||||||||spa|d
082 0 4 |a 658.3  |b DAV  |2 21 
100 0 |a Davis, Keith  |e author  |9 402411 
700 |a Newstrom, John W.  |e autor  |9 311857 
245 1 3 |a El comportamiento humano en el trabajo: comportamiento organizacional 
250 |a 7a. ed 
300 |a 608 p 
942 |c BK 
945 |d 19980124 00:00:00  |a aolguin 
260 |a Ciudad de México  |b McGraw-Hill  |c 1988 
650 7 |a CONDUCTA ORGANIZACIONAL  |2 CL-VaPUC  |9 263671 
650 0 |a Psicología industrial  |9 271739 
650 7 |a TRABAJO EN GRUPO  |2 CL-VaPUC  |9 402413 
583 |a last modification  |c 19980124 00:00:00  |k Rodrigo Vera 
999 |c 266583  |d 266581 
952 |0 0  |1 0  |4 0  |6 658_300000000000000_DAV_1988  |7 0  |8 A  |9 298313  |a BIBENE  |b BIBENE  |d 2019-11-20  |i 1943588  |o 658.3 DAV 1988  |p 1943588  |r 2025-01-15  |w 2019-11-20  |y BK  |k ICO 
952 |0 0  |1 0  |4 0  |6 658_300000000000000_DAV_1988  |7 0  |8 A  |9 298314  |a BIBING  |b BIBING  |d 2019-11-20  |i 4514971  |o 658.3 DAV 1988  |p 4514971  |r 2025-01-20  |w 2019-11-20  |y BK  |k EII